000 00280nam a22001217a 4500
082 _a030
_bKNA/E-17
100 _aKNAPP, BRIAN
245 _aSCIENCE IN OUR WORLD:ENERGY
260 _aUK
_bATLANTIC EUROPE PUBLISHINHG
300 _a48
650 _aGENERAL KNOWLEDGE
_zUK
942 _cBK
999 _c2055
_d2055